Vamos descer o rio (Registo nº 2044)

Detalhes MARC
000 -Etiqueta do registo
Cabeçalho 00786nam a22002771 4500
005 - Identificador da versão
Campo de controlo 20240813121923.0
095 ## -
-- PTBN00056709
100 ## - Dados gerais de processamento
Dados gerais de processamento 19981015d1978 cd y0pory5003 ba
102 ## - Pais de publicação ou produção
País de publicação Portugal
101 1# - Língua de publicação
Língua do texto, banda sonora, etc. Português
106 ## - Campo de dados codificados: material textual
Dados codificados do material textual r
105 ## - Campo de dados codificados: livros
Dados codificados dos livros a z 000fy
215 ## - Descrição física 
Indicação específica da natureza do documento e extensão da espécie [28] p.
Outras indicações físicas muito il.
Dimensões 31 cm
200 1# - Titulo e menção de responsabilidade
Título próprio Vamos descer o rio
Primeira menção de responsabilidade [il.] Anthony Lupatelli
Outras menções de responsabilidade texto de Sergio Gabaglio
225 2# - Colecção 
Título próprio da colecção Enciclopédia infantil
Indicação de volume 4
210 ## - Publicação, Distribuição, etc. 
Lugar da edição, distribuição, etc. Queluz
Nome do editor, distribuidor, etc. Globo
Data da publicação, distribuição, etc. [D.L. 1978]
606 ## - Nome comum usado como assunto
Número de registo de entrada de autoridade 0000001
Palavra de ordem Literatura estrangeira infantil
Subdivisão de assunto Conto
675 ## - Classificação Decimal Universal (CDU)
Notação 82-34
Edição
Língua da edição por
702 #1 - Nome de autor-pessoa física (responsabilidade secundária)
Número de registo de entrada de autoridade 0000771
Palavra de ordem Gabaglio
Outra parte do nome não tomada para palavra de ordem Sergio
Código de função Autor / Co-autor
700 #1 - Nome de autor-pessoa física (responsabilidade principal)
Número de registo de entrada de autoridade 0000770
Palavra de ordem Lupatelli
Outra parte do nome não tomada para palavra de ordem António
942 ## - Elementos de entrada adicionados (Koha)
Tipo de item no Koha Livro
Exemplares
Situação do levantamento Origin of item (home branch) (coded) Biblioteca de empréstimo Código de barras Cota Circulation type (not for loan) Tipo de documento Nota do exemplar Damaged status
  Biblioteca Escolar da Coca Maravilhas Biblioteca Escolar da Coca Maravilhas BECM4016/98 8EST LUP   Livro Sem mensagem